Normal view MARC view

Entry Topical Term

Number of records used in: 2

001 - CONTROL NUMBER

  • control field: 3545

003 - CONTROL NUMBER IDENTIFIER

  • control field: dpl

005 - DATE AND TIME OF LATEST TRANSACTION

  • control field: 20100731152518.0

008 - FIXED-LENGTH DATA ELEMENTS

  • fixed length control field: 100731|||a|||||| | ||| d

040 ## - CATALOGING SOURCE

  • Original cataloging agency: dpl
  • Transcribing agency: dpl

150 ## - HEADING--TOPICAL TERM

  • Topical term or geographic name as entry element: Democracy-Religious Aspects-Islam

670 ## - SOURCE DATA FOUND

  • Source citation: Work cat.: (dpl)38449: Ahmad, Irfan 3544, Islamism and democracy in India:, 2010

670 ## - SOURCE DATA FOUND

  • Source citation: Work cat.: (dpl)38449: Ahmad, Irfan 3544, Islamism and democracy in India:, 2010

© Delhi Public Library
Hit Counter
free hit counter